=LDR 00000nam 2200000 4500 =001 INLIS000000000018235 =005 20130612113422 =008 ***********************************Ind** =035 ##$$0010-061300000018235 =041 ##$$a Ind =082 ##$$a 641.5 =090 ##$$a 641.5, Sri k =100 ##$$a Sri Budianingsih =245 ##$$a Koleksi hidangan keluarga muslim, masakan sorgawi, nikmat halal dan bergizi, Sri Budianingsih =260 ##$$a 1997 $b Yogyakarta =300 ##$$a 95 hlm, ilus, 21 cm =650 ##$$a Masakan - resep =850 ##$$a NBPNMAT